|
|
|
|
| LEADER |
00000nam0a2200000 4500 |
| 001 |
270262 |
| 005 |
20231101234330.0 |
| 035 |
|
|
|a (RuTPU)RU\TPU\book\293443
|
| 090 |
|
|
|a 270262
|
| 100 |
|
|
|a 20140925d1987 k y0rusy50 ca
|
| 101 |
0 |
|
|a rus
|
| 102 |
|
|
|a RU
|
| 105 |
|
|
|a a z 001zy
|
| 200 |
1 |
|
|a Оценка сейсмотектонических условий площадок строительства атомных энергетических установок
|e сборник научных трудов
|f Атомтеплоэлектропроект ; под ред. В. Н. Охотина
|
| 210 |
|
|
|a Москва
|c Энергоатомиздат
|d 1987
|
| 215 |
|
|
|a 117 с.
|c ил.
|
| 320 |
|
|
|a Библиография в конце статей
|
| 606 |
1 |
|
|a Атомные электрические станции
|x Проектирование
|2 stltpush
|3 (RuTPU)RU\TPU\subj\29758
|9 53024
|
| 610 |
1 |
|
|a строительство
|
| 610 |
1 |
|
|a сейсмотектонические условия
|
| 610 |
1 |
|
|a оценка
|
| 610 |
1 |
|
|a тектонические деформации
|
| 610 |
1 |
|
|a надежность
|
| 610 |
1 |
|
|a изучение
|
| 610 |
1 |
|
|a прогноз
|
| 610 |
1 |
|
|a акселерограммы
|
| 675 |
|
|
|a 621.311.25:621.039.001.6
|v 3
|
| 702 |
|
1 |
|a Охотин
|b В. Н.
|4 340
|
| 712 |
0 |
2 |
|a Всесоюзный государственный научно-исследовательский и проектно-изыскательский институт по проектированию атомных электростанций и крупных топливно-энергетических комплексов "Атомтеплоэлектропроект"
|c (Москва)
|c (1982-1986)
|2 stltpush
|3 (RuTPU)RU\TPU\col\21490
|
| 801 |
|
1 |
|a RU
|b 63413507
|c 20140925
|
| 801 |
|
2 |
|a RU
|b 63413507
|c 20170303
|g RCR
|
| 942 |
|
|
|c BK
|